000
00310nam a22001337a 4500
008
190225b xxu||||| |||| 00| 0 eng d
020
_a
9780205287741
041
_a
eng
080
_a
371
100
_a
25
101
_a
EDU
245
_a
The Adjunct Professor's Guide to Success
_c
Lyons, R.E
942
_2
udc
_c
BK
999
_c
54235
_d
54235